Systems Programming (Record no. 9936)
[ view plain ]
| 000 -LEADER | |
|---|---|
| fixed length control field | 00368nam a2200157Ia 4500 |
| 008 - FIXED-LENGTH DATA ELEMENTS--GENERAL INFORMATION | |
| fixed length control field | 221030s9999 xx 000 0 und d |
| 020 ## - INTERNATIONAL STANDARD BOOK NUMBER | |
| ISBN | 0074604823 |
| 041 ## - LANGUAGE CODE | |
| Language code of text/sound track or separate title | |
| 082 ## - DEWEY DECIMAL CLASSIFICATION NUMBER | |
| Classification number | 105.23 |
| 100 ## - MAIN ENTRY--AUTHOR NAME | |
| Personal name | J. J. Donovan |
| 245 #0 - TITLE STATEMENT | |
| Title | Systems Programming |
| Statement of responsibility, etc | by J. J. Donovan |
| 260 ## - PUBLICATION, DISTRIBUTION, ETC. (IMPRINT) | |
| Name of publisher | TMH |
| Place of publication | New Delhi |
| Year of publication | 2011 |
| 300 ## - PHYSICAL DESCRIPTION | |
| Number of Pages | 488 |
| 650 ## - SUBJECT ADDED ENTRY--TOPICAL TERM | |
| Topical Term | BE Computer |
| 942 ## - ADDED ENTRY ELEMENTS (KOHA) | |
| Koha item type | Books |
| Accession Number | Cost, normal purchase price | Bill Date | Full call number | Source of acquisition | Price effective from | Koha item type | Withdrawn / writtenoff status | Materials specified (bound volume or other part) | Damaged status | Not for loan | Permanent Location | Current Location | Shelving location | Date acquired | Lost/ Missing status | department |
|---|---|---|---|---|---|---|---|---|---|---|---|---|---|---|---|---|
| BE 12039 | 350.00 | 640 | 105.23 | Zigma, Jammu | 10/30/2022 | Books | Not For Loan | MIET Library, Jammu | MIET Library, Jammu | BL-Academic Block B, FL-2, CUP-149, SH-2, R-2 | 12/19/2011 | BE | ||||
| BE 12040 | 350.00 | 640 | 105.23 | Zigma, Jammu | 10/30/2022 | Books | MIET Library, Jammu | MIET Library, Jammu | BL-Academic Block C, FL-2, CUP-85, SH-3, R-3 | 12/19/2011 | BE | |||||
| BE 12041 | 350.00 | 640 | 105.23 | Zigma, Jammu | 10/30/2022 | Books | MIET Library, Jammu | MIET Library, Jammu | BL-Academic Block C, FL-2, CUP-85, SH-4, R-4 | 12/19/2011 | BE | |||||
| BE 12042 | 350.00 | 640 | 105.23 | Zigma, Jammu | 10/30/2022 | Books | MIET Library, Jammu | MIET Library, Jammu | BL-Academic Block C, FL-2, CUP-85, SH-3, R-3 | 12/19/2011 | BE | |||||
| BE 12043 | 350.00 | 640 | 105.23 | Zigma, Jammu | 10/30/2022 | Books | MIET Library, Jammu | MIET Library, Jammu | BL-Academic Block C, FL-2, CUP-85, SH-4, R-4 | 12/19/2011 | BE | |||||
| BE 14121 | 530.00 | 3668 | RKB | 10/30/2022 | Books | Not For Loan | MIET Library, Jammu | MIET Library, Jammu | BL-Academic Block B, FL-2, CUP-149, SH-2, R-2 | 11/27/2014 | BE | |||||
| BE 14122 | 530.00 | 3668 | RKB | 10/30/2022 | Books | MIET Library, Jammu | MIET Library, Jammu | BL-Academic Block B, FL-2, CUP-85, SH-3, R-3 | 11/27/2014 | BE | ||||||
| BE 14123 | 530.00 | 3668 | RKB | 10/30/2022 | Books | MIET Library, Jammu | MIET Library, Jammu | BL-Academic Block B, FL-2, CUP-85, SH-3, R-3 | 11/27/2014 | BE | ||||||
| BB 679 | 530.00 | 3668 | RKB | 10/30/2022 | Books | MIET Library, Jammu | MIET Library, Jammu | BL-Academic Block B, FL-2, CUP-104, SH-5, R-5 | 11/29/2014 | BB |